[Event "DVM U16 2023"]
[Site "Magdeburg GER"]
[Date "2023.12.29"]
[Round "5"]
[White "Borgstädt, Leif Jona"]
[Black "Geray, Idar"]
[Result "1-0"]
[Termination "normal"]
[Board "8.3"]
[WhiteElo "1442"]
[BlackElo "1456"]
[WhiteClock "00:44:38"]
[BlackClock "00:27:21"]
[WhiteTeam "Bielefelder SK 1883"]
[BlackTeam "SK Bebenhausen 1992"]
[PlyCount "63"]
[WhiteFideId "16266153"]
[BlackFideId "34615059"]
[EventCountry "GER"]
[EventRounds "7"]
[EventType "team-swiss"]
[EventDate "2023.12.26"]

1. d4 {[%clk 01:30:56]} {[%emt 00:00:04]} Nf6 {[%clk 01:30:48]} {[%emt
00:00:12]} 2. Bg5 {[%clk 01:31:10]} {[%emt 00:00:15]} d5 {[%clk 01:30:32]}
{[%emt 00:00:47]} 3. Bxf6 {[%clk 01:31:30]} {[%emt 00:00:10]} gxf6 {[%clk
01:30:44]} {[%emt 00:00:18]} 4. c4 {[%clk 01:28:34]} {[%emt 00:03:26]} dxc4
{[%clk 01:30:49]} {[%emt 00:00:25]} 5. Nc3 {[%clk 01:28:11]} {[%emt 00:00:52]}
c5 {[%clk 01:30:27]} {[%emt 00:00:53]} 6. dxc5 {[%clk 01:21:25]} {[%emt
00:07:16]} Qxd1+ {[%clk 01:30:25]} {[%emt 00:00:32]} 7. Rxd1 {[%clk 01:21:45]}
{[%emt 00:00:10]} e6 {[%clk 01:26:07]} {[%emt 00:04:50]} 8. Ne4 {[%clk
01:14:16]} {[%emt 00:07:57]} f5 {[%clk 01:17:07]} {[%emt 00:09:30]} 9. Nd6+
{[%clk 01:13:03]} {[%emt 00:01:43]} Bxd6 {[%clk 01:17:23]} {[%emt 00:00:15]}
10. cxd6 {[%clk 01:12:51]} {[%emt 00:00:41]} Bd7 {[%clk 01:17:14]} {[%emt
00:00:38]} 11. f3 {[%clk 01:09:28]} {[%emt 00:03:54]} Nc6 {[%clk 01:14:48]}
{[%emt 00:02:55]} 12. e4 {[%clk 01:09:06]} {[%emt 00:00:52]} fxe4 {[%clk
01:14:39]} {[%emt 00:00:40]} 13. fxe4 {[%clk 01:09:30]} {[%emt 00:00:07]} b5
{[%clk 01:08:45]} {[%emt 00:06:24]} 14. Nf3 {[%clk 01:08:19]} {[%emt 00:01:41]}
f6 {[%clk 01:07:51]} {[%emt 00:01:24]} 15. Be2 {[%clk 01:07:28]} {[%emt
00:01:19]} Kf7 {[%clk 01:07:36]} {[%emt 00:00:46]} 16. O-O {[%clk 01:07:10]}
{[%emt 00:00:48]} Rhg8 {[%clk 00:59:10]} {[%emt 00:08:57]} 17. Rf2 {[%clk
00:57:17]} {[%emt 00:10:23]} Rab8 {[%clk 00:54:07]} {[%emt 00:05:33]} 18. Rdf1
{[%clk 00:56:01]} {[%emt 00:01:45]} Rbf8 {[%clk 00:40:24]} {[%emt 00:14:14]}
19. b3 {[%clk 00:46:51]} {[%emt 00:09:40]} Kg7 {[%clk 00:35:03]} {[%emt
00:05:51]} 20. bxc4 {[%clk 00:46:41]} {[%emt 00:00:40]} bxc4 {[%clk 00:35:22]}
{[%emt 00:00:11]} 21. Bxc4 {[%clk 00:47:00]} {[%emt 00:00:10]} Na5 {[%clk
00:33:42]} {[%emt 00:02:09]} 22. Bd3 {[%clk 00:44:51]} {[%emt 00:02:40]} Nb7
{[%clk 00:32:43]} {[%emt 00:01:29]} 23. e5 {[%clk 00:43:33]} {[%emt 00:01:48]}
f5 {[%clk 00:32:21]} {[%emt 00:00:53]} 24. Rc2 {[%clk 00:43:22]} {[%emt
00:00:39]} Rc8 {[%clk 00:31:29]} {[%emt 00:01:23]} 25. Rfc1 {[%clk 00:42:57]}
{[%emt 00:00:55]} Rxc2 {[%clk 00:27:53]} {[%emt 00:04:07]} 26. Rxc2 {[%clk
00:43:16]} {[%emt 00:00:11]} Rc8 {[%clk 00:27:28]} {[%emt 00:00:54]} 27. Rxc8
{[%clk 00:42:50]} {[%emt 00:00:56]} Bxc8 {[%clk 00:27:44]} {[%emt 00:00:14]}
28. Ba6 {[%clk 00:43:17]} {[%emt 00:00:03]} Nxd6 {[%clk 00:26:41]} {[%emt
00:01:34]} 29. exd6 {[%clk 00:43:34]} {[%emt 00:00:12]} Bd7 {[%clk 00:26:52]}
{[%emt 00:00:19]} 30. Ne5 {[%clk 00:43:53]} {[%emt 00:00:12]} Be8 {[%clk
00:26:56]} {[%emt 00:00:25]} 31. d7 {[%clk 00:44:11]} {[%emt 00:00:12]} Bxd7
{[%clk 00:27:21]} {[%emt 00:00:05]} 32. Nxd7 {[%clk 00:44:38]} {[%emt
00:00:03]} 1-0

[Event "DVM U16 2023"]
[Site "Magdeburg GER"]
[Date "2023.12.29"]
[Round "5"]
[White "Laub, David JohannHeinrich"]
[Black "Gross, Felix"]
[Result "0-1"]
[Termination "normal"]
[Board "8.4"]
[WhiteElo "1402"]
[BlackElo "1554"]
[WhiteClock "00:25:50"]
[BlackClock "00:39:12"]
[WhiteTeam "SK Bebenhausen 1992"]
[BlackTeam "Bielefelder SK 1883"]
[PlyCount "88"]
[WhiteFideId "34647767"]
[BlackFideId "34681671"]
[EventCountry "GER"]
[EventRounds "7"]
[EventType "team-swiss"]
[EventDate "2023.12.26"]

1. e4 {[%clk 01:30:55]} {[%emt 00:00:05]} c6 {[%clk 01:30:57]} {[%emt
00:00:03]} 2. Nc3 {[%clk 01:30:04]} {[%emt 00:01:22]} d5 {[%clk 01:31:21]}
{[%emt 00:00:05]} 3. exd5 {[%clk 01:30:15]} {[%emt 00:00:18]} cxd5 {[%clk
01:31:45]} {[%emt 00:00:07]} 4. Bb5+ {[%clk 01:29:24]} {[%emt 00:01:21]} Bd7
{[%clk 01:30:53]} {[%emt 00:01:22]} 5. d4 {[%clk 01:27:13]} {[%emt 00:02:42]}
e6 {[%clk 01:29:41]} {[%emt 00:01:41]} 6. Nf3 {[%clk 01:25:11]} {[%emt
00:02:32]} Bb4 {[%clk 01:28:07]} {[%emt 00:02:04]} 7. Bxd7+ {[%clk 01:23:03]}
{[%emt 00:02:38]} Nxd7 {[%clk 01:28:14]} {[%emt 00:00:22]} 8. Bd2 {[%clk
01:21:23]} {[%emt 00:02:11]} Ngf6 {[%clk 01:26:54]} {[%emt 00:01:49]} 9. a3
{[%clk 01:17:59]} {[%emt 00:03:55]} Ba5 {[%clk 01:21:20]} {[%emt 00:06:04]} 10.
b4 {[%clk 01:16:16]} {[%emt 00:02:13]} Bc7 {[%clk 01:20:44]} {[%emt 00:01:05]}
11. Bg5 {[%clk 01:13:41]} {[%emt 00:03:05]} Nb6 {[%clk 01:16:24]} {[%emt
00:04:51]} 12. O-O {[%clk 01:08:28]} {[%emt 00:05:43]} Rc8 {[%clk 01:14:16]}
{[%emt 00:02:38]} 13. Qd3 {[%clk 01:05:07]} {[%emt 00:03:51]} a6 {[%clk
01:06:21]} {[%emt 00:08:25]} 14. Rfe1 {[%clk 01:00:20]} {[%emt 00:05:17]} Bd6
{[%clk 01:04:34]} {[%emt 00:02:17]} 15. Rac1 {[%clk 00:58:21]} {[%emt
00:02:29]} O-O {[%clk 01:02:53]} {[%emt 00:02:11]} 16. Nd1 {[%clk 00:56:49]}
{[%emt 00:02:02]} Nc4 {[%clk 00:58:50]} {[%emt 00:04:32]} 17. Ne3 {[%clk
00:55:19]} {[%emt 00:02:00]} b5 {[%clk 00:57:19]} {[%emt 00:02:02]} 18. Nxc4
{[%clk 00:53:35]} {[%emt 00:02:14]} Rxc4 {[%clk 00:56:22]} {[%emt 00:01:27]}
19. Ne5 {[%clk 00:52:44]} {[%emt 00:01:21]} Rc7 {[%clk 00:55:06]} {[%emt
00:01:45]} 20. Qf3 {[%clk 00:47:38]} {[%emt 00:05:36]} Be7 {[%clk 00:51:13]}
{[%emt 00:04:24]} 21. Ng4 {[%clk 00:42:35]} {[%emt 00:05:33]} Nxg4 {[%clk
00:47:54]} {[%emt 00:03:49]} 22. Bxe7 {[%clk 00:42:22]} {[%emt 00:00:42]} Qxe7
{[%clk 00:47:51]} {[%emt 00:00:34]} 23. Qxg4 {[%clk 00:42:29]} {[%emt
00:00:23]} Rfc8 {[%clk 00:47:16]} {[%emt 00:01:05]} 24. Qd1 {[%clk 00:41:43]}
{[%emt 00:01:15]} Rc3 {[%clk 00:46:32]} {[%emt 00:01:15]} 25. Re3 {[%clk
00:41:15]} {[%emt 00:00:57]} Qc7 {[%clk 00:45:07]} {[%emt 00:01:55]} 26. Rxc3
{[%clk 00:39:08]} {[%emt 00:02:38]} Qxc3 {[%clk 00:45:30]} {[%emt 00:00:07]}
27. Kf1 {[%clk 00:36:36]} {[%emt 00:03:02]} Rc4 {[%clk 00:44:16]} {[%emt
00:01:44]} 28. Qe1 {[%clk 00:32:41]} {[%emt 00:04:25]} Qb2 {[%clk 00:42:11]}
{[%emt 00:02:35]} 29. c3 {[%clk 00:31:45]} {[%emt 00:01:26]} h6 {[%clk
00:41:00]} {[%emt 00:01:40]} 30. Ra1 {[%clk 00:28:50]} {[%emt 00:03:25]} Rxc3
{[%clk 00:37:48]} {[%emt 00:03:42]} 31. Ra2 {[%clk 00:25:30]} {[%emt 00:03:51]}
Qxa2 {[%clk 00:37:36]} {[%emt 00:00:43]} 32. Qxc3 {[%clk 00:25:52]} {[%emt
00:00:07]} Qc4+ {[%clk 00:38:02]} {[%emt 00:00:04]} 33. Qxc4 {[%clk 00:26:13]}
{[%emt 00:00:09]} dxc4 {[%clk 00:38:18]} {[%emt 00:00:15]} 34. Ke2 {[%clk
00:26:27]} {[%emt 00:00:16]} f6 {[%clk 00:38:29]} {[%emt 00:00:18]} 35. Kd2
{[%clk 00:26:18]} {[%emt 00:00:38]} e5 {[%clk 00:38:32]} {[%emt 00:00:28]} 36.
dxe5 {[%clk 00:26:24]} {[%emt 00:00:24]} fxe5 {[%emt 00:00:07]} 37. Kc3 {[%clk
00:26:43]} {[%emt 00:00:09]} Kf7 {[%clk 00:38:55]} {[%emt 00:00:32]} 38. g3
{[%clk 00:25:25]} {[%emt 00:01:47]} Kf6 {[%clk 00:38:57]} {[%emt 00:00:28]} 39.
h4 {[%clk 00:25:00]} {[%emt 00:00:55]} Kf5 {[%clk 00:38:09]} {[%emt 00:01:19]}
40. f3 {[%clk 00:25:06]} {[%emt 00:00:24]} e4 {[%clk 00:38:23]} {[%emt
00:00:16]} 41. g4+ {[%clk 00:24:44]} {[%emt 00:00:51]} Kf4 {[%clk 00:38:41]}
{[%emt 00:00:13]} 42. fxe4 {[%clk 00:25:04]} {[%emt 00:00:10]} Kxe4 {[%clk
00:39:06]} {[%emt 00:00:05]} 43. g5 {[%clk 00:25:25]} {[%emt 00:00:09]} hxg5
{[%clk 00:39:12]} {[%emt 00:00:24]} 44. hxg5 {[%clk 00:25:50]} {[%emt
00:00:05]} Kf5 {[%emt 00:00:36]} 0-1

[Event "DVM U16 2023"]
[Site "Magdeburg GER"]
[Date "2023.12.29"]
[Round "5"]
[White "Englert, Luca"]
[Black "Miller, Jonathan"]
[Result "1/2-1/2"]
[Termination "normal"]
[Board "9.1"]
[WhiteElo "2149"]
[BlackElo "1804"]
[WhiteClock "00:57:22"]
[BlackClock "01:03:44"]
[WhiteTeam "VfB Schach Leipzig"]
[BlackTeam "SK Johanneum Eppendorf"]
[PlyCount "56"]
[WhiteFideId "16293088"]
[BlackFideId "34631585"]
[EventCountry "GER"]
[EventRounds "7"]
[EventType "team-swiss"]
[EventDate "2023.12.26"]

1. e4 {[%clk 01:30:58]} {[%emt 00:00:01]} c6 {[%clk 01:30:49]} {[%emt
00:00:11]} 2. d4 {[%emt 00:00:09]} d5 {[%clk 01:31:16]} 3. Nd2 {[%clk
01:31:48]} {[%emt 00:00:05]} dxe4 {[%clk 01:31:39]} {[%emt 00:00:07]} 4. Nxe4
{[%clk 01:32:14]} {[%emt 00:00:04]} Nf6 {[%clk 01:32:03]} {[%emt 00:00:06]} 5.
Nxf6+ {[%clk 01:32:39]} {[%emt 00:00:05]} exf6 {[%clk 01:32:27]} {[%emt
00:00:06]} 6. c3 {[%clk 01:33:00]} {[%emt 00:00:08]} Bd6 {[%clk 01:32:41]}
{[%emt 00:00:16]} 7. Bd3 {[%clk 01:33:25]} {[%emt 00:00:04]} O-O {[%clk
01:32:55]} {[%emt 00:00:17]} 8. Qc2 {[%clk 01:33:52]} {[%emt 00:00:03]} Re8+
{[%clk 01:33:08]} {[%emt 00:00:17]} 9. Ne2 {[%clk 01:34:16]} {[%emt 00:00:06]}
h6 {[%clk 01:32:16]} {[%emt 00:01:22]} 10. O-O {[%clk 01:32:55]} {[%emt
00:01:51]} Nd7 {[%clk 01:28:56]} {[%emt 00:03:51]} 11. Bd2 {[%clk 01:32:28]}
{[%emt 00:00:57]} b6 {[%clk 01:26:50]} {[%emt 00:02:35]} 12. Rae1 {[%clk
01:32:12]} {[%emt 00:00:46]} Bb7 {[%clk 01:25:48]} {[%emt 00:01:33]} 13. c4
{[%clk 01:32:24]} {[%emt 00:00:17]} Qc7 {[%clk 01:26:03]} {[%emt 00:00:16]} 14.
h3 {[%clk 01:31:02]} {[%emt 00:01:52]} c5 {[%clk 01:25:59]} {[%emt 00:00:33]}
15. d5 {[%clk 01:31:16]} {[%emt 00:00:15]} Ne5 {[%clk 01:26:17]} {[%emt
00:00:13]} 16. Be4 {[%clk 01:25:30]} {[%emt 00:06:16]} Ba6 {[%clk 01:25:22]}
{[%emt 00:01:24]} 17. b3 {[%clk 01:25:32]} {[%emt 00:00:28]} b5 {[%clk
01:24:59]} {[%emt 00:00:54]} 18. f4 {[%clk 01:25:42]} {[%emt 00:00:20]} Nd7
{[%clk 01:25:06]} {[%emt 00:00:22]} 19. Bd3 {[%clk 01:24:44]} {[%emt 00:01:29]}
Nb6 {[%clk 01:18:36]} {[%emt 00:07:01]} 20. g3 {[%clk 01:21:27]} {[%emt
00:03:47]} Re7 {[%clk 01:15:02]} {[%emt 00:04:03]} 21. Kg2 {[%clk 01:20:05]}
{[%emt 00:01:52]} Rae8 {[%clk 01:14:52]} {[%emt 00:00:40]} 22. Ng1 {[%clk
01:19:06]} {[%emt 00:01:28]} bxc4 {[%clk 01:11:22]} {[%emt 00:04:01]} 23. bxc4
{[%clk 01:19:20]} {[%emt 00:00:16]} Qd7 {[%clk 01:11:29]} {[%emt 00:00:23]} 24.
a4 {[%clk 01:09:25]} {[%emt 00:10:25]} Rxe1 {[%clk 01:10:09]} {[%emt 00:01:51]}
25. Bxe1 {[%clk 00:58:46]} {[%emt 00:11:09]} Qxa4 {[%clk 01:08:56]} {[%emt
00:01:41]} 26. Qxa4 {[%clk 00:57:43]} {[%emt 00:01:34]} Nxa4 {[%clk 01:09:21]}
{[%emt 00:00:05]} 27. Bf2 {[%clk 00:58:01]} {[%emt 00:00:13]} Nb2 {[%clk
01:04:11]} {[%emt 00:05:40]} 28. Ra1 {[%clk 00:57:22]} {[%emt 00:01:07]} Bxc4
{[%clk 01:03:44]} {[%emt 00:00:58]} 1/2-1/2

[Event "DVM U16 2023"]
[Site "Magdeburg GER"]
[Date "2023.12.29"]
[Round "5"]
[White "Laucht, Philipp"]
[Black "Schön, Florian"]
[Result "0-1"]
[Termination "normal"]
[Board "9.2"]
[WhiteElo "1661"]
[BlackElo "1879"]
[WhiteClock "00:04:02"]
[BlackClock "00:14:10"]
[WhiteTeam "SK Johanneum Eppendorf"]
[BlackTeam "VfB Schach Leipzig"]
[PlyCount "58"]
[WhiteFideId "16244869"]
[BlackFideId "16259394"]
[EventCountry "GER"]
[EventRounds "7"]
[EventType "team-swiss"]
[EventDate "2023.12.26"]

1. e4 {[%clk 01:30:56]} {[%emt 00:00:03]} e5 {[%clk 01:30:57]} {[%emt
00:00:03]} 2. Nf3 {[%clk 01:31:22]} {[%emt 00:00:04]} Nc6 {[%clk 01:31:25]}
{[%emt 00:00:03]} 3. Bb5 {[%clk 01:31:43]} {[%emt 00:00:10]} a6 {[%clk
01:31:52]} {[%emt 00:00:02]} 4. Ba4 {[%clk 01:32:06]} {[%emt 00:00:06]} Nf6
{[%clk 01:32:17]} {[%emt 00:00:06]} 5. d3 {[%clk 01:32:06]} {[%emt 00:00:29]}
Bc5 {[%clk 01:32:19]} {[%emt 00:00:29]} 6. O-O {[%clk 01:31:34]} {[%emt
00:01:01]} b5 {[%clk 01:32:44]} {[%emt 00:00:06]} 7. Bb3 {[%clk 01:31:56]}
{[%emt 00:00:09]} d6 {[%clk 01:33:04]} {[%emt 00:00:09]} 8. c3 {[%clk
01:31:57]} {[%emt 00:00:28]} h6 {[%clk 01:33:16]} {[%emt 00:00:19]} 9. Re1
{[%clk 01:32:03]} {[%emt 00:00:23]} O-O {[%clk 01:31:38]} {[%emt 00:02:08]} 10.
Nbd2 {[%clk 01:32:19]} {[%emt 00:00:14]} Nh5 {[%clk 01:29:41]} {[%emt
00:02:28]} 11. Bd5 {[%clk 01:14:50]} {[%emt 00:17:58]} Bd7 {[%clk 01:20:09]}
{[%emt 00:10:03]} 12. Nxe5 {[%clk 00:42:43]} {[%emt 00:32:36]} Nxe5 {[%clk
01:11:10]} {[%emt 00:09:30]} 13. d4 {[%clk 00:38:52]} {[%emt 00:04:20]} c6
{[%clk 00:58:22]} {[%emt 00:13:18]} 14. Bb3 {[%clk 00:20:44]} {[%emt 00:18:37]}
Qh4 {[%clk 00:45:43]} {[%emt 00:13:09]} 15. g3 {[%clk 00:18:38]} {[%emt
00:02:36]} Qh3 {[%clk 00:43:40]} {[%emt 00:02:33]} 16. dxc5 {[%clk 00:18:55]}
{[%emt 00:00:14]} dxc5 {[%clk 00:42:38]} {[%emt 00:01:33]} 17. Qe2 {[%clk
00:18:00]} {[%emt 00:01:23]} Rad8 {[%clk 00:26:44]} {[%emt 00:16:25]} 18. Qf1
{[%clk 00:12:16]} {[%emt 00:06:14]} Qxf1+ {[%clk 00:26:11]} {[%emt 00:01:02]}
19. Kxf1 {[%clk 00:08:04]} {[%emt 00:04:42]} Bh3+ {[%clk 00:21:53]} {[%emt
00:04:48]} 20. Ke2 {[%clk 00:08:28]} {[%emt 00:00:06]} Nd3 {[%clk 00:22:05]}
{[%emt 00:00:18]} 21. Rd1 {[%clk 00:08:09]} {[%emt 00:00:50]} c4 {[%clk
00:21:54]} {[%emt 00:00:41]} 22. Bc2 {[%clk 00:08:26]} {[%emt 00:00:12]} f5
{[%clk 00:22:04]} {[%emt 00:00:21]} 23. f3 {[%clk 00:07:33]} {[%emt 00:01:23]}
Nf6 {[%clk 00:16:39]} {[%emt 00:05:55]} 24. Ke3 {[%clk 00:04:58]} {[%emt
00:03:04]} fxe4 {[%clk 00:15:24]} {[%emt 00:01:45]} 25. Nxe4 {[%clk 00:05:15]}
{[%emt 00:00:13]} Nxe4 {[%clk 00:15:33]} {[%emt 00:00:21]} 26. fxe4 {[%clk
00:05:32]} {[%emt 00:00:13]} Bg4 {[%clk 00:15:53]} {[%emt 00:00:11]} 27. Rg1
{[%clk 00:03:09]} {[%emt 00:02:52]} Rf3+ {[%clk 00:14:10]} {[%emt 00:02:14]}
28. Kd2 {[%clk 00:03:34]} {[%emt 00:00:04]} Rf2+ {[%clk 00:14:26]} {[%emt
00:00:15]} 29. Ke3 {[%clk 00:04:02]} {[%emt 00:00:02]} Re2# {[%clk 00:14:10]}
{[%emt 00:00:15]} 0-1

[Event "DVM U16 2023"]
[Site "Magdeburg GER"]
[Date "2023.12.29"]
[Round "5"]
[White "Widmann, Maximilian"]
[Black "Miller, Elias"]
[Result "1-0"]
[Termination "normal"]
[Board "9.3"]
[WhiteElo "1611"]
[BlackElo "1410"]
[WhiteClock "00:11:05"]
[BlackClock "00:28:49"]
[WhiteTeam "VfB Schach Leipzig"]
[BlackTeam "SK Johanneum Eppendorf"]
[PlyCount "85"]
[WhiteFideId "16281691"]
[BlackFideId "34623590"]
[EventCountry "GER"]
[EventRounds "7"]
[EventType "team-swiss"]
[EventDate "2023.12.26"]

1. Nf3 {[%clk 01:30:53]} {[%emt 00:00:06]} d5 {[%clk 01:29:56]} {[%emt
00:01:04]} 2. c4 {[%clk 01:31:11]} {[%emt 00:00:13]} dxc4 {[%clk 01:30:20]}
{[%emt 00:00:06]} 3. Qa4+ {[%clk 01:30:59]} {[%emt 00:00:42]} Nd7 {[%clk
01:29:35]} {[%emt 00:01:15]} 4. Qxc4 {[%clk 01:30:49]} {[%emt 00:00:40]} Ngf6
{[%clk 01:29:21]} {[%emt 00:00:44]} 5. g3 {[%clk 01:29:44]} {[%emt 00:01:35]}
a6 {[%clk 01:29:18]} {[%emt 00:00:33]} 6. Qc2 {[%clk 01:25:51]} {[%emt
00:04:23]} e6 {[%clk 01:28:02]} {[%emt 00:01:46]} 7. Bg2 {[%clk 01:25:12]}
{[%emt 00:01:10]} c5 {[%clk 01:27:56]} {[%emt 00:00:35]} 8. d3 {[%clk
01:21:06]} {[%emt 00:04:36]} Be7 {[%clk 01:27:47]} {[%emt 00:00:39]} 9. O-O
{[%clk 01:20:53]} {[%emt 00:00:43]} O-O {[%clk 01:27:48]} {[%emt 00:00:28]} 10.
Nc3 {[%clk 01:17:28]} {[%emt 00:03:56]} Rb8 {[%clk 01:26:28]} {[%emt 00:01:47]}
11. Bf4 {[%clk 01:11:09]} {[%emt 00:06:52]} Ra8 {[%clk 01:26:30]} {[%emt
00:00:27]} 12. Rfd1 {[%clk 01:08:39]} {[%emt 00:03:01]} Qa5 {[%clk 01:16:07]}
{[%emt 00:10:53]} 13. a3 {[%clk 00:55:53]} {[%emt 00:13:16]} Rd8 {[%clk
01:11:14]} {[%emt 00:05:22]} 14. Rac1 {[%clk 00:55:00]} {[%emt 00:01:23]} Nf8
{[%clk 01:08:38]} {[%emt 00:03:07]} 15. Ne5 {[%clk 00:50:33]} {[%emt 00:04:57]}
Qb6 {[%clk 01:03:17]} {[%emt 00:05:51]} 16. Nc4 {[%clk 00:44:30]} {[%emt
00:06:33]} Qa7 {[%clk 01:02:41]} {[%emt 00:01:05]} 17. Bc7 {[%clk 00:35:57]}
{[%emt 00:09:03]} Rd7 {[%clk 01:01:26]} {[%emt 00:01:45]} 18. Bb6 {[%clk
00:35:04]} {[%emt 00:01:24]} Qb8 {[%clk 01:01:00]} {[%emt 00:00:56]} 19. d4
{[%clk 00:33:09]} {[%emt 00:02:25]} Rxd4 {[%clk 00:53:18]} {[%emt 00:08:12]}
20. Rxd4 {[%clk 00:30:48]} {[%emt 00:02:51]} cxd4 {[%clk 00:53:16]} {[%emt
00:00:31]} 21. Bxd4 {[%clk 00:29:44]} {[%emt 00:01:36]} a5 {[%clk 00:42:39]}
{[%emt 00:11:07]} 22. Nb5 {[%clk 00:20:06]} {[%emt 00:10:07]} Bd7 {[%clk
00:33:51]} {[%emt 00:09:17]} 23. Be5 {[%clk 00:14:53]} {[%emt 00:05:43]} Qd8
{[%clk 00:32:24]} {[%emt 00:01:57]} 24. Nbd6 {[%clk 00:13:51]} {[%emt
00:01:32]} Nd5 {[%clk 00:26:34]} {[%emt 00:06:21]} 25. Nxb7 {[%clk 00:08:20]}
{[%emt 00:06:01]} Qe8 {[%clk 00:22:30]} {[%emt 00:04:34]} 26. Nbxa5 {[%clk
00:03:53]} {[%emt 00:05:03]} Qc8 {[%clk 00:20:09]} {[%emt 00:02:46]} 27. Qd2
{[%clk 00:03:09]} {[%emt 00:01:15]} Qc5 {[%clk 00:16:53]} {[%emt 00:03:44]} 28.
b4 {[%clk 00:02:58]} {[%emt 00:00:42]} Qb5 {[%clk 00:15:34]} {[%emt 00:01:49]}
29. Bb2 {[%clk 00:03:10]} {[%emt 00:00:18]} Rd8 {[%clk 00:12:21]} {[%emt
00:03:43]} 30. Nb3 {[%clk 00:02:57]} {[%emt 00:00:43]} Bc8 {[%clk 00:11:39]}
{[%emt 00:01:11]} 31. Qc2 {[%clk 00:02:53]} {[%emt 00:00:34]} Bg5 {[%clk
00:10:39]} {[%emt 00:01:30]} 32. e3 {[%clk 00:02:47]} {[%emt 00:00:36]} Bb7
{[%clk 00:09:03]} {[%emt 00:02:07]} 33. Nd4 {[%clk 00:02:53]} {[%emt 00:00:24]}
Qd7 {[%clk 00:08:02]} {[%emt 00:01:29]} 34. Qb3 {[%clk 00:02:47]} {[%emt
00:00:37]} Ng6 {[%clk 00:06:27]} {[%emt 00:02:05]} 35. b5 {[%clk 00:01:52]}
{[%emt 00:01:25]} Nge7 {[%clk 00:05:55]} {[%emt 00:01:02]} 36. a4 {[%clk
00:01:48]} {[%emt 00:00:34]} Bf6 {[%clk 00:04:31]} {[%emt 00:01:54]} 37. Na5
{[%clk 00:01:06]} {[%emt 00:01:12]} Ra8 {[%clk 00:04:06]} {[%emt 00:00:55]} 38.
Nxb7 {[%clk 00:01:04]} {[%emt 00:00:32]} Qxb7 {[%clk 00:04:21]} {[%emt
00:00:14]} 39. e4 {[%clk 00:00:42]} {[%emt 00:00:53]} Bxd4 {[%clk 00:03:54]}
{[%emt 00:00:57]} 40. Bxd4 {[%clk 00:00:49]} {[%emt 00:00:24]} Nb6 {[%clk
00:02:57]} {[%emt 00:01:26]} 41. Ra1 {[%clk 00:19:46]} {[%emt 00:11:33]} Nd7
{[%clk 00:28:34]} {[%emt 00:04:53]} 42. e5 {[%clk 00:11:30]} {[%emt 00:08:46]}
Nd5 {[%clk 00:28:49]} {[%emt 00:00:15]} 43. a5 {[%clk 00:11:05]} {[%emt
00:00:54]} 1-0